Bài tập cơ học lý thuyết

Na minha lista:
Detalhes bibliográficos
Formato: Livro
Idioma:Undetermined
Publicado em: Hà Nội Đại học Thủy lợi 2012
Assuntos:
Tags: Adicionar Tag
Sem tags, seja o primeiro a adicionar uma tag!
Thư viện lưu trữ: Trung tâm Học liệu Trường Đại học Cần Thơ
LEADER 00593nam a2200181Ia 4500
001 CTU_181306
008 210402s9999 xx 000 0 und d
020 |c 65000 
082 |a 531.076 
082 |b B103 
245 0 |a Bài tập cơ học lý thuyết 
245 0 |c Trường Đại học Thuỷ lợi. Bộ môn cơ học lý thuyết 
260 |a Hà Nội 
260 |b Đại học Thủy lợi 
260 |c 2012 
650 |a Mechanic,Bài tập cơ học 
650 |x Problems, exercises, etc. 
980 |a Trung tâm Học liệu Trường Đại học Cần Thơ